El caballo; breve enciclopedia práctica /

Guardado en:
Autor Principal: Walter, W H
Formato: Libro
Publicado: Buenos Aires : Lidium, 1982
Series:Temas Hípicos
Materias:
Etiquetas: Agregar Etiqueta
Sin Etiquetas, Sea el primero en etiquetar este registro!
LEADER 00615nam a22002175a 4500
001 CEM.cems016232
008 130507s1982##################000#0#####d
005 20210920143225.0
003 CEMS
245 1 0 |a El caballo; breve enciclopedia práctica /  |c W H Walter, 
260 |a Buenos Aires :  |b Lidium,  |c 1982 
300 |a 197 p. 
490 1 |a Temas Hípicos 
100 1 |a Walter, W H 
082 0 4 |a 636.1 
653 |a Equinos-enfermedades 
653 |a Equinos 
653 |a Equinos-alimentación 
653 |a Equinos-razas 
653 |a Equinos-alojamiento 
859 |a CEMS  |b BIB. CEMS - Agricultura  |h 636.1  |i W171  |p A11498.82  |t Ej.1